000 00400nam a2200145Ia 4500
005 20250729165730.0
008 250729s1900 xx 000 0 und d
041 _akan
082 _a494.507 VISK
100 _aH S K Vishweshwarayya
_9231635
245 _aKannada vyakarana ,patralekhana mattu prabhandagalu
260 _aBangalore
_bVasan Publication
300 _a180p
650 _aKannada
_9231636
999 _c239380
_d239380